000 00988nam a2200241Ia 4500
999 _c52474
_d52474
001 19497
003 GE_BSU
005 20220207134552.0
008 181216s ||||ge |||||||||||||| ||geo||
040 _cGE_BSU
041 _ageo
080 _a811.353.31'342 ჟ-99
100 _aჟღენტი, სერგი
_97678
245 _aჭანურ - მეგრულის ფონეტიკა /
_cსერგი ჟღენტი ; რედ. ს. ჯიქია.
264 _aთბილისი :
_bთბილ. უნ-ტის გამ-ბა,
_c1953.
300 _a208 გვ. ;
_c23 სმ.
541 _h1ლ.10თ.
546 _aგაშლილი თავფურცელი რუსულ ენაზე
653 _aჭანური ენის ფონეტიკა
653 _aმეგრული ენის ფონეტიკა
700 _aჯიქია, ს.
_eრედაქტორი
_91028
942 _cBK
_2udc